Vyrovnávací počet

Na minha lista:
Detalhes bibliográficos
Autor principal: Böhm, Josef
Formato: Livro
Idioma:tcheco
Publicado em: Praha Státní nakladatelství technické literatury 1964
Tags: Adicionar Tag
Sem tags, seja o primeiro a adicionar uma tag!

MARC

LEADER 00000nam a2200000 4500
001 c122847
005 20190425112859.5
041 0 |a cze 
044 |a CZ 
245 1 0 |a Vyrovnávací počet  |c Josef Böhm 
264 1 |a Praha  |b Státní nakladatelství technické literatury  |c 1964 
300 |a 491 s. 
100 1 |a Böhm, Josef